| 000 | 01173nam a2200265Ia 4500 | ||
|---|---|---|---|
| 001 | 10549 | ||
| 003 | GE_BSU | ||
| 008 | 181216s||||||||xx |||||||||||||| ||und|| | ||
| 020 | _a9789941428043 | ||
| 040 | _cGE_BSU | ||
| 080 | _a811.353.1'35 | ||
| 100 | _aბოჯგუა,გივი | ||
| 245 | _aმე ისეთ ქართველს რა ვუთხრა:სწორად თქმისა და წერის კულტურა | ||
| 245 | _bქართული ენის ორთოგრაფია;ქართული მართლწერა | ||
| 250 | _aმე–2 გამოც.შევსებ.და გადამუშ. | ||
| 260 | _aთბილისი | ||
| 260 | _bშემეცნება | ||
| 260 | _c2011 | ||
| 300 | _a291გვ.20სმ. | ||
| 541 | _h9ლ.80თ. | ||
| 653 | _aმე ისეთ ქართველს რა ვუთხრა | ||
| 653 | _aსწორად თქმისა და წერის კულტურა | ||
| 653 | _aქართული ენის ორთოგრაფია;ქართული მართლწერა | ||
| 942 | _cBK | ||
| 999 |
_c43804 _d43804 |
||